Antigua and Barbuda : 2007 Article IV Consultation-Staff Report; Public Information Notice on the Executive Board Discussion; and Statement by the Authorities of Antigua and Barbuda.

This 2007 Article IV Consultation highlights that macroeconomic outcomes for Antigua and Barbuda have strengthened significantly in recent years. Real GDP growth averaged 5 percent during 2003-05, and is estimated to have reached 12 percent in 2006. There has been progress in implementing broad stru...

Полное описание

Библиографические подробности
Соавтор: International Monetary Fund
Формат: Журнал
Язык:English
Опубликовано: Washington, D.C. : International Monetary Fund, 2008.
Серии:IMF Staff Country Reports; Country Report ; No. 2008/225
Online-ссылка:Full text available on IMF
LEADER 01769cas a2200241 a 4500
001 AALejournalIMF005234
008 230101c9999 xx r poo 0 0eng d
020 |c 5.00 USD 
020 |z 9781451801903 
022 |a 1934-7685 
040 |a BD-DhAAL  |c BD-DhAAL 
110 2 |a International Monetary Fund. 
245 1 0 |a Antigua and Barbuda :   |b 2007 Article IV Consultation-Staff Report; Public Information Notice on the Executive Board Discussion; and Statement by the Authorities of Antigua and Barbuda. 
264 1 |a Washington, D.C. :  |b International Monetary Fund,  |c 2008. 
300 |a 1 online resource (50 pages) 
490 1 |a IMF Staff Country Reports 
500 |a <strong>Off-Campus Access:</strong> No User ID or Password Required 
500 |a <strong>On-Campus Access:</strong> No User ID or Password Required 
506 |a Electronic access restricted to authorized BRAC University faculty, staff and students 
520 3 |a This 2007 Article IV Consultation highlights that macroeconomic outcomes for Antigua and Barbuda have strengthened significantly in recent years. Real GDP growth averaged 5 percent during 2003-05, and is estimated to have reached 12 percent in 2006. There has been progress in implementing broad structural reforms. On fiscal issues, the authorities intend to enhance revenue performance, including the introduction of a more flexible mechanism for retail fuel pricing in 2008. They also intend to improve the investment climate, reduce skill mismatches, exports, and deregulate telecommunications. 
538 |a Mode of access: Internet 
830 0 |a IMF Staff Country Reports; Country Report ;  |v No. 2008/225 
856 4 0 |z Full text available on IMF  |u http://elibrary.imf.org/view/journals/002/2008/225/002.2008.issue-225-en.xml  |z IMF e-Library